| Tag |
First Indicator |
Second Indicator |
Subfields |
| LEADER |
00000cam a2200000 4500 |
| 001 |
in00000060289 |
| 005 |
20151008051620.0 |
| 008 |
741016s1964 ilu 00000 eng u |
| 010 |
|
|
|a 64014050
|
| 035 |
|
|
|a (OCoLC)01042795
|
| 035 |
|
|
|9 AAG8984AM
|
| 040 |
|
|
|c IRU
|d TXA
|d UtOrBLW
|
| 049 |
|
|
|a TXAM
|c [416588]
|
| 050 |
0 |
0 |
|a HV8077.5.F6
|b A2
|
| 082 |
0 |
|
|a 364.12
|
| 092 |
|
|
|a 364.12
|b A132f
|
| 100 |
1 |
|
|a Abbott, John Reginald.
|
| 245 |
1 |
0 |
|a Footwear evidence ;
|b the examination, identification, and comparison of footwear impressions /
|c Edited by A. C. Germann.
|
| 264 |
|
1 |
|a Springfield, Ill. :
|b C. C. Thomas,
|c [1964]
|
| 300 |
|
|
|a ix, 88 pages :
|b illustrations ;
|c 24 cm.
|
| 336 |
|
|
|a text
|b txt
|2 rdacontent
|
| 337 |
|
|
|a unmediated
|b n
|2 rdamedia
|
| 338 |
|
|
|a volume
|b nc
|2 rdacarrier
|
| 650 |
|
0 |
|a Criminals
|x Identification.
|
| 650 |
|
0 |
|a Evidence, Criminal.
|
| 999 |
|
|
|a MARS
|
| 999 |
f |
f |
|s 9dbf42d9-1faa-3c75-84ce-b7b789c48ad2
|i dab7d0a8-04d1-3b40-a88f-3a012d70a324
|t 0
|
| 952 |
f |
f |
|p ric
|a Texas A&M University
|b Rellis Campus
|c Joint Library Facility
|d Remote Storage
|t 0
|e HV8077.5.F6 A2
|h Library of Congress classification
|i unmediated -- volume
|m A14800812234
|
| 998 |
f |
f |
|a HV8077.5.F6 A2
|t 0
|l Remote Storage
|